Biodiversidad zoológica en Nicaragua.
| Main Author: | |
|---|---|
| Format: | Section = Libro |
| Language: | Undetermined Spanish |
| Published: |
Nicaragua
MARENA
2001
|
| Subjects: |
| LEADER | 00495nam a2200193Ia 4500 | ||
|---|---|---|---|
| 008 | 240830s9999 xx 000 0 und d | ||
| 020 | |a 99924-809-1-2 | ||
| 040 | |a B-ESTELÍ- RUACS / 591 B615 | ||
| 041 | |a spa | ||
| 082 | |a 591 B615 | ||
| 100 | 1 | |a Martínez Sánchez, Juan Carlos. | |
| 245 | 1 | 0 | |a Biodiversidad zoológica en Nicaragua. |
| 260 | |a Nicaragua |b MARENA |c 2001 | ||
| 300 | |a 144 p. | ||
| 650 | 7 | |a BIODIVERSIDAD | |
| 650 | 7 | |b ZOOLOGÍA | |
| 942 | |c BK |2 ddc | ||
| 991 | |a TEXTO | ||
| 999 | |c 11117 | ||